| 000 | 01139cam a22003497a 4500 | ||
|---|---|---|---|
| 001 | 15210452 | ||
| 003 | OSt | ||
| 005 | 20170307101644.0 | ||
| 008 | 080307s2008 maua 001 0 eng d | ||
| 010 | _a 2008297154 | ||
| 020 | _a1418843628 | ||
| 020 | _a1418843628 | ||
| 035 | _a(OCoLC)ocn179914842 | ||
| 040 |
_aNUI _cNUI _dBTCTA _dBAKER _dYDXCP _dDLC |
||
| 042 | _alccopycat | ||
| 050 | 0 | 0 |
_aQA76.9.D3 _bM57332 2008 |
| 082 | 0 | 0 |
_a005.75/65 _222 |
| 245 | 0 | 0 |
_aMicrosoft Office Access 2003 : _b Complete concepts and techniques / _cGary B. Shelly ... [et al.]. |
| 246 | 3 | 0 | _aAccess 2007 |
| 260 |
_aBoston, MA : _bThomson Course Technology, _cc2008 |
||
| 300 |
_a1 v. (various pagings) : _bcol. ill. ; _c28 cm. |
||
| 490 | 1 | _aShelly Cashman series | |
| 500 | _aIncludes index. | ||
| 630 | 0 | 0 | _aMicrosoft Access. |
| 630 | 0 | 0 | _aMicrosoft Office. |
| 650 | 0 | _aDatabase management. | |
| 700 | 1 | _aShelly, Gary B. | |
| 800 | 1 |
_aShelly, Gary B. _tShelly Cashman series. |
|
| 906 |
_a7 _bcbc _ccopycat _d2 _encip _f20 _gy-gencatlg |
||
| 942 |
_2lcc _cBK |
||
| 999 |
_c256070 _d256069 |
||